000 00313nam a2200121Ia 4500
008 190216s9999||||xx |||||||||||||| ||und||
100 _aSarkar S C
245 0 _aHindustan Year Book And Who`S Who-1968
260 _bMc Sarkar & Son Pvt Ltd
_c1968
300 _a820p
650 _aGeneral Collections
942 _cREF
999 _c35153
_d35153